Zimbabwe : El reino de piedra.
Guardado en:
| Formato: | |
|---|---|
| Series: | Patrimonio Mundial
|
| Materias: | |
| Etiquetas: |
Agregar Etiqueta
Sin Etiquetas, Sea el primero en etiquetar este registro!
|
| LEADER | 00916ngm a22002655g 4500 | ||
|---|---|---|---|
| 001 | CEM.cems021423 | ||
| 008 | 130507b1992##################0###0#####d | ||
| 005 | 20240822205920.0 | ||
| 245 | 0 | 0 | |a Zimbabwe : |b El reino de piedra. |
| 300 | |a 12 | ||
| 490 | 0 | |a Patrimonio Mundial | |
| 500 | |a En soporte VHS, consultar en ventanilla. | ||
| 505 | 0 | |a Los monumentos de piedra. Murallas. Grabados religiosos; simbología de los frisos. Alfarería. Economía antigua: la continuidad de los medios de subsistencia. | |
| 538 | |a Soporte: VHS - Norma: Pal N - Color - Grabación Drd 1992 - Hitachi=4760 | ||
| 082 | 7 | 0 | |/ PAT |
| 653 | |a ARQUITECTURA | ||
| 653 | |a HISTORIA | ||
| 653 | |a ZIMBABWE | ||
| 653 | |a MONUMENTOS ANTIGUOS | ||
| 653 | |a MURALLAS | ||
| 653 | |a PIEDRA | ||
| 653 | |a GRABADOS | ||
| 653 | |a ALFARERIA | ||
| 653 | |a NIVEL SECUNDARIO | ||
| 859 | |a CEMS |b BIB. CEMS - Depto. Recursos Didacticos |h 700 |i PAT |k DRD |p 66.12 |t Ej.1 | ||
